[Event "GER-ch Net blitz qual1"]
[Site "Playchess.com INT"]
[Date "2020.03.07"]
[Round "4"]
[White "Weidenhoefer, Max"]
[Black "Werle, Uwe"]
[Result "1/2-1/2"]
[WhiteElo "1897"]
[BlackElo "2021"]
[PlyCount "83"]
[EventDate "2020.03.07"]
[EventType "swiss (blitz)"]
[EventRounds "9"]
[EventCountry "GER"]
[SourceTitle "CBM 195 Extra"]
[Source "ChessBase"]
[SourceDate "2020.05.31"]
[SourceVersion "1"]
[SourceVersionDate "2020.05.31"]
[SourceQuality "1"]

1. e4 c6 2. d4 d5 3. e5 c5 4. c3 Nc6 5. Be3 e6 6. Nd2 cxd4 7. cxd4 Bb4 8. a3 Ba5 9. b4 Bb6 10. Nb3 Nge7 11. Nf3 Nf5 12. Bd3 Nxe3 13. fxe3 h6 14. Kf1 0-0 15. Kf2 f6 16. exf6 Qxf6 17. Rf1 Bd7 18. Kg1 Qe7 19. Qc2 Rac8 20. Qe2 e5 21. dxe5 Nxe5 22. Nbd4 Nxf3+ 23. Rxf3 Bxd4 24. exd4 Qxe2 25. Bxe2 Rfe8 26. Bd3 Rf8 27. Rxf8+ Rxf8 28. Rc1 Rc8 29. Rxc8+ Bxc8 30. Kf2 Kf7 31. Kf3 Kf6 32. h3 g5 33. g4 a6 34. a4 Bd7 35. b5 axb5 36. axb5 b6 37. Kg3 Be8 38. h4 Bg6 39. Bxg6 Kxg6 40. Kh3 Kf6 41. h5 Ke6 42. Kg3 1/2-1/2

[Event "GER-ch Net blitz qual1"]
[Site "Playchess.com INT"]
[Date "2020.03.07"]
[Round "3"]
[White "Werle, Uwe"]
[Black "Kotyk, Michael"]
[Result "0-1"]
[WhiteElo "2021"]
[BlackElo "2013"]
[PlyCount "84"]
[EventDate "2020.03.07"]
[EventType "swiss (blitz)"]
[EventRounds "9"]
[EventCountry "GER"]
[SourceTitle "CBM 195 Extra"]
[Source "ChessBase"]
[SourceDate "2020.05.31"]
[SourceVersion "1"]
[SourceVersionDate "2020.05.31"]
[SourceQuality "1"]

1. d4 f5 2. e4 fxe4 3. Nc3 Nf6 4. Bg5 g6 5. Bxf6 exf6 6. Nxe4 d5 7. Nc3 Bb4 8. Qe2+ Kf7 9. 0-0-0 Re8 10. Qf3 c6 11. h4 h5 12. Qf4 Kg7 13. Bd3 Bxc3 14. bxc3 Be6 15. Qg3 Bf7 16. Nf3 Qa5 17. Kd2 Nd7 18. Rb1 Nb6 19. Qd6 Rad8 20. Qb4 Qxa2 21. Ra1 Nc4+ 22. Bxc4 Qxc4 23. Qxc4 dxc4 24. Rxa7 Rd7 25. Rb1 Rde7 26. Rbxb7 Kf8 27. Rxe7 Rxe7 28. Rxe7 Kxe7 29. Ke3 Bd5 30. Ne1 g5 31. g3 Ke6 32. f4 gxh4 33. gxh4 Kf5 34. Nf3 Kg4 35. Nd2 Kxh4 36. Ne4 Bxe4 37. Kxe4 Kg4 38. d5 cxd5+ 39. Kxd5 h4 40. Kxc4 h3 41. Kd4 h2 42. c4 h1Q 0-1